Пищевые сальмонеллезы (Запис номер 412412)
[ съкратено ]
| 000 -Лидер | |
|---|---|
| Контролно поле с фиксирана дължина | nam a22 a 4500 |
| 003 - Код на организацията, давaща контролен номер | |
| Контролно поле | BLK |
| 005 - Дата и час на последна редакция | |
| Контролно поле | 20210429163015.0 |
| 008 - Елементи от данни с фиксирана дължина | |
| fixed length control field | 210429b bu |||||r|||| 00| | bu d |
| 040 ## - Източник на каталожния запис | |
| Идентификатор на билиотеката - собственик на записа | BLK |
| 041 ## - Код за език | |
| Код за езика на текст/звукозапис или на отделно заглавие | Руски |
| Код за езика КДБФ | Руски |
| 080 ## - УДК | |
| Текстов определител УДК | Салмонелоза. Вж и 616. 927 |
| УДК код - определител по УДК | 616.981.49 |
| УДК - код + определител | 616.981.49 |
| 100 ## - Редна дума - Автор | |
| R(LIN) | 1299 |
| Автор | Шур, Иосиф Васильевич |
| Авторска отговорност | първи автор |
| 110 ## - Редна дума - колетивен орган | |
| 9 (RLIN) | 451828 |
| Редна дума - наименование на организация или юридическо лице | Военно-ветеринарная академия Красной армии |
| 139 ## - Редно поле | |
| Редна дума | Шур, Иосиф Васильевич |
| 245 ## - Сведения за заглавието | |
| Заглавие | Пищевые сальмонеллезы |
| Подзаглавни данни | Токсикоинфекции паратифозного характера |
| Редно поле (дума) | И. В. Шур |
| 260 ## - Област на издателските данни | |
| 9 (RLIN) | 438287 |
| Място на издаване, разпространение и проч. | Москва |
| Име на издателя, разпространителя и проч. | Сельхозгиз |
| Година на издаване | 1944 |
| 300 ## - Физическа характеристика | |
| Страници | 239 с. |
| Илюстрации и др. | с ил., 1 л. ил. |
| Размери/Мащаб | 21 см |
| 380 ## - Жанр | |
| Жанр | Медицина |
| 650 #7 - Допълнително описание по предмет – тема | |
| 9 (RLIN) | 170147 |
| Основно описание – тема или топоним | Салмонелоза |
| 653 #7 - Ключова дума – ненормативна | |
| 9 (RLIN) | 187773 |
| Ключова дума | инфекции |
| 653 #7 - Ключова дума – ненормативна | |
| 9 (RLIN) | 198445 |
| Ключова дума | токсикози |
| 852 ## - Местоположение | |
| Форматна сигнатура | Цб 6.205.14392 |
| Фондова буква | Хранилище |
| 999 ## - СИСТЕМНИ КОНТРОЛНИ НОМЕРА | |
| Koha biblionumber | 412412 |
| Koha biblioitemnumber | 412412 |
| 942 ## - АРТИКУЛИ | |
| Вид на библиотечния материал | Книги |
| Скрит в OPAC | Не |
| Периодичен библиозапис | Да |
| 944 ## - СЪЗДАВАНЕ И РЕДАКЦИЯ на ЗАПИСА | |
| Създаване/Редакция | Създаване |
| Дата на регистрацията/редакция | 2021-04-29 |
| Служител, извършил регистрацията/редакцията | А.М. |
| Код за отписване | Код за изгубен артикул | Източник на класификационната схема | Код за повреда | Коз за рестрикции | Код за отдаване | Артикулен № | Име на библиотеката - собственик | Име на библиотеката, в която се намира в момента | Статус (Текущо местоположение) | Дата на вписване в системата | Местоположение - отдел | Цена в лева | Инвентарен номер | Систематично азбучна сигнатура | Баркод | Цена в евро | Служебен тип на артикула |
|---|---|---|---|---|---|---|---|---|---|---|---|---|---|---|---|---|---|
| Не е изгубен | Universal Decimal Classification | Не е повреден | само за читалня | ползва се в читалня | 828467 | Регионална библиотека "Любен Каравелов" Русе | Регионална библиотека "Любен Каравелов" Русе | Хранилище | 2021-05-07 | Основен фонд - ползва се само за читалня | 0.19 | 14392 | Цб 6.205.14392 | 900000058579 | 0.10 | Книги |